Capitali per minore altitudine - Europa - Statistics

Statistiche generali
  • Questo quiz è stato fatto 19 volte
  • Il punteggio medio è 7 su 10
Statistiche sulle risposte
Altitudine (m) Capitale % Corretto
15 Stoccolma
95%
-2 Amsterdam
89%
15 Lisbona
89%
14 Londra
89%
14 Roma
84%
12 Oslo
74%
8 Dublino
68%
0 Monaco
58%
8 Riga
53%
15 Reykjavík
42%
Nessun quiz corrispondente trovato
Distribuzione punteggi
Percentuale di utenti per punteggio
Percentile per numero di risposta
I tuoi punteggi nel tempo
Non hai fatto questo quiz